000 00676nam a2200253Ia 4500
003 OSt
005 20220918164629.0
006 a|||||r|||| 00| 0
007 ta
008 220917b |||||||| |||| 00| 0 eng d
020 _a0706903544
024 _a249,431
037 _cTextual
040 _aARTS
_cARTS
_beng
041 _2eng
_aeng
082 _aY1:32175.2MH, L5
100 _aParmar Y. S.
_919758
245 0 _aPolyandry in the himalayas
260 _aDelhi
_bVikas Publishing House Pvt Ltd India
_c1975
300 _axii,191p.
_ccm.
650 _aSOCIOLOGY
942 _hY1:32175.2MH, L5
_cTEXL
_2CC
999 _c125639
_d125639